| 000 | 00899nam a2200301Ia 4500 | ||
|---|---|---|---|
| 003 | OSt | ||
| 005 | 20221006153549.0 | ||
| 006 | a|||||r|||| 00| 0 | ||
| 007 | ta | ||
| 008 | 221006b |||||||| |||| 00| 0 eng d | ||
| 020 |
_a9780810849495 _cW 88,060 |
||
| 024 | _a32,705 | ||
| 037 |
_bGift, 18/10/2007, Korea Foundation _cTextual |
||
| 040 |
_aEASL _cEASL _beng |
||
| 041 |
_2eng _aeng |
||
| 082 | _aV495k, P4 | ||
| 100 | _aNahm Andrew C | ||
| 245 | 0 | _aHistorical dictionary of the Republic of Korea | |
| 250 | _a2nd. Edi. | ||
| 260 |
_aLanham _bScarecrow Press, Inc. USA _c2004 |
||
| 300 |
_a313p. _ccm. |
||
| 490 | _v KEL | ||
| 650 | _a KEL | ||
| 650 |
_aSouth Korea-History-Dictionaries _9664417 |
||
| 700 |
_a Hoare James E _9664418 |
||
| 942 |
_hV495k, P4 _cTEXL _2CC |
||
| 999 |
_c1100791 _d1100791 |
||